Ballad of Bapu/ (Record no. 93946)

MARC details
000 -LEADER
fixed length control field 00633nam a22002057a 4500
005 - DATE AND TIME OF LATEST TRANSACTION
control field 20230925110106.0
010 ## - LCCN (DPL NO)
LC control number ENG-112829 ENG-135847
020 ## - INTERNATIONAL STANDARD BOOK NUMBER
International Standard Book Number 9789382711575
Terms of availability 295.00
035 ## - SYSTEM CONTROL NUMBER
System control number EN-96361
035 ## - SYSTEM CONTROL NUMBER
System control number EN-119378
037 ## - SOURCE OF ACQUISITION
Source of stock number/acquisition DBAD/PUB
082 ## - DEWEY DECIMAL CLASSIFICATION NUMBER
Classification number 881.092
100 ## - MAIN ENTRY--PERSONAL NAME
Personal name Bakaya, Santosh
245 ## - TITLE STATEMENT
Title Ballad of Bapu/
Statement of responsibility, etc By Santosh Bakaya
260 ## - PUBLICATION, DISTRIBUTION, ETC. (IMPRINT)
Place of publication, distribution, etc New Delhi
Name of publisher, distributor, etc Vitasta Publishing
Date of publication, distribution, etc 2015
270 ## - ADDRESS
Address 2/15, Ansari Road, Daryaganj,
City New Delhi
Postal code 110002
300 ## - PHYSICAL DESCRIPTION
Extent xxvii, 317p.
Dimensions 21cm(pbk)
Other physical details Bibliography
500 ## - GENERAL NOTE
General note Includes bibliographical references
942 ## - ADDED ENTRY ELEMENTS (KOHA)
Source of classification or shelving scheme Dewey Decimal Classification
Item type English Books
Call number suffix BAK
Classification part 881.092
Holdings
Withdrawn status Lost status Not for loan Collection code Home library Current library Date acquired Source of acquisition Cost, normal purchase price Full call number Barcode Copy number Cost, replacement price Koha item type
      Non-fiction Bawana Bawana 26/05/2015 DBAD/PUB 295.00 881.092BAK EN-96361 1 295.00 English Books
    Not For Loan Non-fiction D.B.Act.Division Mobile Library 13/12/2022 DBAD/PUB 295.00 881.092 BAK EN-119378 1 295.00 English Books

© Delhi Public Library
Hit Counter
free hit counter